Ochrana zdravia a bezpečnosť pri zváraní /

Guardado en:
Detalles Bibliográficos
Autor principal: Kosnáč, Ľudovít (Autor)
Formato: Libro
Lenguaje:eslovaco
Publicado: Bratislava : Weldtech, 1995
Edición:1.vyd.
Materias:
Acceso en línea:OBSAH
Etiquetas: Agregar Etiqueta
Sin Etiquetas, Sea el primero en etiquetar este registro!

MARC

LEADER 00000nam a22000003a 4500
001 stu45503
005 20150617225716.8
008 960925s1995----cs------------------slo-d
020 |a 80-88734-28-2 
040 |a STU  |b slo 
041 0 |a slo 
044 |a cs 
080 |a 621.791 
080 |a 331.823(075) 
100 1 |a Kosnáč, Ľudovít  |4 aut 
245 1 |a Ochrana zdravia a bezpečnosť pri zváraní /  |c [aut.]Ľudovít Kosnáč 
250 |a 1.vyd. 
260 |a Bratislava :  |b Weldtech,  |c 1995 
300 |a 32 s 
650 7 |a zváranie  |2 stusub 
650 7 |a BOZ  |2 stusub 
856 4 |a https://sweb.mtf.stuba.sk/obsahy/ochrana_zdravia_a_bezpecnost_pri_zvarani_95.pdf  |u https://sweb.mtf.stuba.sk/obsahy/ochrana_zdravia_a_bezpecnost_pri_zvarani_95.pdf  |3 OBSAH 
996 |b 284M023474  |c M*9413-4  |l MMKN  |s A  |a 24  |w stu45503_0001 
996 |b 284M038829  |c M*9413-1  |l MMST  |s A  |a 24  |w stu45503_0002 
996 |b 284M025294  |c M*9413-3  |l MMKN  |s A  |a 24  |w stu45503_0003